000 00280nam a2200109Ia 4500
008 190913s9999||||xx |||||||||||||| ||und||
100 _aScott Hawkins
245 0 _aAPACHE (web Server Administration & e-Commerce
260 _aUK
_bPrentice Hall
_c1994
300 _a370
942 _cBK
999 _c8280
_d8280